[Event "ROM-chT"]
[Site "Eforie Nord"]
[Date "2000.12.22"]
[Round "5"]
[White "Slovineanu, Viacheslav"]
[Black "Marin, Mihail"]
[Result "1/2-1/2"]
[WhiteElo "2402"]
[BlackElo "2557"]
[Annotator "Donev,I"]
[PlyCount "114"]
[EventDate "2000.12.18"]
[EventType "team"]
[EventRounds "5"]
[EventCountry "ROU"]
[SourceTitle "CBM 081"]
[Source "ChessBase"]
[SourceDate "2001.03.20"]
[SourceVersion "1"]
[SourceVersionDate "2001.03.20"]
[SourceQuality "1"]
[WhiteTeam "Bucharest Electrica"]
[BlackTeam "Bucharest RAT"]
[WhiteTeamCountry "ROU"]
[BlackTeamCountry "ROU"]

1. e4 d6 2. Nc3 g6 3. f4 Bg7 4. Nf3 c5 5. g3 Nc6 6. Bg2 e6 7. d3 Nge7 8. O-O
O-O 9. Be3 b6 10. d4 Ba6 11. Re1 ({Ich persönlich bevorzuge der Turmmanöver
auf der d-Linie. Hier ein unveröffentlichtes Beispiel aus der eigenen Praxis.} 
11. Rf2 {[%cal Yf2d2,Yd2d8]} Rc8 12. Rd2 Qc7 13. Bf1 Bxf1 14. Qxf1 cxd4 15.
Nxd4 Nxd4 16. Bxd4 e5 17. fxe5 dxe5 18. Be3 $11 {Donev,Ivo-Georgiev,Kiril
Hohenems 1995}) 11... Rc8 12. a4 d5 $146 ({Bis jetzt war nur bekannt:} 12...
cxd4 13. Nxd4 Na5 14. Bf2 Qd7 15. Qf3 {Kupreichik,V-Yakovich,Y GMA Baleares
Open 1989}) 13. exd5 exd5 14. Bf2 Nf5 15. dxc5 d4 16. Ne4 Nb4 17. Qd2 bxc5 18.
Nxc5 {Die kritische Mittelspielstellung. Schade dass der Nachziehende nach
seinem guten Eröffnungsspiel jetzt einen ungenauen Zug spielt.} Qb6 $6 (18...
Rxc5 $142 19. Qxb4 Rxc2 20. Ne5 (20. Rac1 d3 21. Rxc2 dxc2 22. Ne5 Bxe5 23.
fxe5 Qd1 $19) 20... Qc7 (20... d3 21. Be4 $15) 21. Bd5 $15) 19. c3 (19. Nd7
$142 $1 Qd6 20. Nxf8 Rxc2 (20... Nxc2 21. Nxh7 Kxh7 22. Rad1 Nxe1 23. Rxe1 $16)
21. Nxg6 Rxd2 22. Re8+ Bf8 23. Rxf8+ Kg7 24. Nxd2 hxg6 25. Ra8 $14) 19... Qxc5
20. cxb4 Qc2 21. b5 (21. Rad1 Qb3 22. b5 Bb7 23. Nxd4 Bxd4 24. Bxb7 $14) 21...
Bb7 22. Re2 Qb3 23. Ra3 {Jetzt hat die schwarze Dame Schwierigkeiten.} Qc4 24.
Ne5 $1 {[%cal Ye5c4,Yg2b7]} Bxe5 (24... Qc1+ 25. Qe1 Bxg2 26. Qxc1 Rxc1+ 27.
Kxg2 $16) 25. Bxb7 {[%cal Yb7c8,Yf4e5] Der Nachziehende kann nicht vermeiden
die Qualität zu verlieren.} Bd6 (25... Rc7 26. Rxe5 Rxb7 27. b4 Rd7 28. Rd3 $16
) 26. Bxc8 Rxc8 $18 (26... Bxa3 27. Bxf5 Bb4 28. Bd3 $1 $18) 27. Rd3 Qxa4 28.
g4 Bb4 29. Qd1 Qxd1+ 30. Rxd1 Ne3 31. Bxe3 dxe3 {[%mdl 4096] Das Endspiel muss
gewonnen sein für Weiß.} 32. Ra1 Rc7 33. Kg2 Bd2 34. Ra3 Rb7 35. Rb3 Kf8 (35...
f5) 36. Kf3 Ke7 {Die letzten Züge für beide Seiten sind logisch und einfach
gewesen. Jetzt verpasst der Anziehende eine starke Fortsetzung, die seinen
entscheidenden Vorteil hätte befestigen können.} 37. Ke4 $2 ({Es war notwendig
der schwarze König von dem Damenflügel abzuschneiden.} 37. Rd3 $142 {[%cal
Yd3d2,Ye2e7]} Kf6 38. Rd5 h6 39. h4 $18) 37... Kd6 38. Kd4 f5 39. gxf5 gxf5 40.
h3 $6 {Und wieder spielt der Nachziehende ungenau. Er könnte so auf Sieg
kämpfen:} (40. Rg2 $142 Re7 41. Ra3 {[%cal Ya3a6]} Re4+ 42. Kd3 Rxf4 43. Rxa7
Rb4 44. Rxh7 $16) 40... Re7 41. Rbxe3 $2 {Der letzte Fehler nach dem für Weiß
die Gewinnchancen schon minimal sind. Warum soll man die Qualität freiwillig
zurückgeben und in einem ausgeglichenen Bauernendspiel auf Sieg kämpfen?} (41.
Ra3 $142) 41... Bxe3+ 42. Rxe3 Rxe3 43. Kxe3 Kd5 44. Kd3 h5 (44... Kc5 45. h4
h5 46. b3 Kxb5 $1 (46... Kb4 47. Kd4 Kxb3 48. Ke5 Kc4 49. Kxf5 Kxb5 50. Kg6 a5
51. f5 a4 52. f6 a3 53. f7 a2 54. f8=Q a1=Q $16) 47. Kd4 Kb4 48. Ke5 Kxb3 49.
Kxf5 a5 50. Kg6 a4 51. f5 a3 52. f6 a2 53. f7 a1=Q 54. f8=Q $14) 45. h4 (45. b3
Kc5 46. h4 Kxb5 47. Kd4 Kb4 48. Ke5 Kxb3 49. Kxf5 a5 50. Kg6 a4 51. f5 a3 52.
f6 a2 53. f7 a1=Q 54. f8=Q $14) 45... Kc5 46. Kc3 Kd5 $1 ({Schwarz darf den
b5-Bauern nicht nehmen weil, der andere b-Bauer noch zu weit ist.} 46... Kxb5
47. Kd4 Kb4 48. Ke5 a5 49. Kxf5 Kb3 50. Kg6 Kxb2 51. f5 a4 52. f6 a3 53. f7 a2
54. f8=Q a1=Q 55. Qh8+ Ka2 56. Qxa1+ Kxa1 57. Kxh5 $18) 47. Kb4 Ke4 48. Ka5
Kxf4 49. Ka6 Kg4 50. Kxa7 f4 51. b6 f3 52. b7 f2 53. b8=Q f1=Q 54. Qb4+ Kg3 55.
Qd4 Qf7+ 56. Ka6 Qe6+ 57. Ka5 Qb3 $1 {Weiß kann nicht seine Stellung
verstärken.} 1/2-1/2

[Event "Tilburg"]
[Site "Tilburg"]
[Date "1993.??.??"]
[Round "1"]
[White "Krasenkow, Michal"]
[Black "Bologan, Viktor"]
[Result "0-1"]
[WhiteElo "2595"]
[BlackElo "2510"]
[Annotator "Donev,I"]
[PlyCount "130"]
[EventDate "1993.11.??"]
[EventType "k.o."]
[EventRounds "7"]
[EventCountry "NED"]
[SourceTitle "CBM 039"]
[Source "ChessBase"]
[SourceDate "1994.04.01"]
[SourceVersion "1"]
[SourceVersionDate "1994.04.01"]
[SourceQuality "1"]

1. e4 c5 2. Nc3 Nc6 3. g3 g6 4. Bg2 Bg7 5. d3 e6 6. Be3 d6 7. f4 Nge7 8. Nf3
O-O 9. O-O Rb8 10. e5 $6 $146 (10. Qd2 $5) 10... b6 (10... dxe5 11. fxe5 Nxe5
12. Bxc5 $10) 11. exd6 Qxd6 12. Qd2 Bb7 13. Rae1 (13. Ne4 Qd7 14. c3 Rbd8 15.
Rad1 Ba6 16. Nf2 Nf5 17. Rfe1 $13) 13... Nd4 (13... Rbd8 $5) 14. Ne5 $1 Nef5 (
14... Bxg2 15. Qxg2 Nef5 16. Bc1 $14) 15. Ne4 Qc7 (15... Bxe4 16. Bxe4 Nxe3 17.
Rxe3 Rbd8 $10) 16. Bf2 Nd6 17. Bxd4 (17. c3 $5 Bxe5 18. fxe5 Nxe4 19. Bxe4 (19.
dxe4 $6 Nc6 20. Qd6 Rbc8 (20... Qxd6 21. exd6 Ba6 22. e5 Bxf1 23. Kxf1 Nd8 24.
Be3 f6 $17) 21. Be3 Nxe5 22. Qxc7 Rxc7 23. Bf4 f6 24. Rd1 Ba6 25. Bxe5 fxe5 26.
Rxf8+ Kxf8 $15) 19... Bxe4 20. cxd4 Bb7 21. dxc5 Qc6 22. Re4 $132 bxc5 23. Qh6)
17... cxd4 18. g4 Bxe4 19. Bxe4 (19. dxe4 Bxe5 20. fxe5 Nc4 21. Qxd4 Nxe5 $17 {
starker Springer (e5) - schwacher Läufer(g2)!}) 19... f6 20. Nc4 $8 (20. Nf3 $2
f5 $1 21. gxf5 gxf5 $19) 20... Nxe4 (20... Nxc4 21. dxc4 Qxc4 22. Bd3 Qxa2 23.
b3 e5 24. Ra1 Qb2 25. Rxa7 $15) 21. Rxe4 b5 22. Na5 e5 23. f5 Rbc8 $15 {פa5}
24. Rf2 Qf7 25. Nb3 Rc7 {><c2} 26. a3 Rfc8 27. Na1 {פa1!} Qa2 28. Qc1 Qf7 29.
h4 Rc6 30. Kh2 (30. fxg6 Qxg6 31. h5 Bh6 $1 $17) 30... Kh8 31. Qd2 Qa2 32. Qc1
a5 $40 33. fxg6 hxg6 34. h5 Qf7 $1 (34... gxh5 35. gxh5 f5 $6 36. Rxf5 Bh6 $13)
35. hxg6 Qxg6 36. Rf5 Bh6 37. Qd1 Bg5 $17 38. Re1 Kg7 39. Kg3 a4 $1 {Der weiße
Springer ist eingesperrt!} 40. Rh1 Bf4+ (40... Rh8 $1 41. Rxh8 Kxh8 42. Qh1+ (
42. Rxg5 $2 fxg5 $19) 42... Qh6 43. Qxc6 $2 (43. Qxh6+ $142 Bxh6 $17) 43...
Qh4+ 44. Kg2 (44. Kf3 $4 Qh1+ $19) 44... Qxg4+ 45. Kh2 Qxf5 46. Qe8+ Kg7 47.
Qe7+ Kh6 48. Qf8+ Kh5 $19) 41. Kf3 Bg5 42. Qe1 Rh8 43. Rxh8 Kxh8 44. Qa5 Rc8
45. Qa6 (45. Qxb5 Qh6 $1 $36) 45... Rg8 46. Qe6 Qe8 {/\Qa8!} (46... Bc1 47.
Rxf6 Qg5 $17) 47. Qxe8 Rxe8 48. Ke4 {Ke4 ist aktiv, aber Na1 ist nur ein
Zuschauer!} Kg7 (48... Bc1 $5 49. c4 bxc4 50. dxc4 Bxb2 51. Nc2 Rg8 $17) 49.
Rf1 Kg6 50. Kd5 Rc8 51. Kd6 Be3 52. Kd7 Rb8 53. Kc7 Rf8 54. Kc6 Kg5 55. Kxb5
Kxg4 56. c4 f5 57. c5 f4 58. c6 f3 59. c7 f2 60. Nc2 {Endlich lebt der
Springer!} Kf3 61. Nb4 Ke2 62. Rh1 f1=Q 63. Rxf1 Kxf1 64. Ka6 e4 $1 $19 65.
dxe4 Bf4 0-1

[Event "EU-ch 2nd"]
[Site "Ohrid"]
[Date "2001.06.03"]
[Round "3"]
[White "Short, Nigel D"]
[Black "Rechlis, Gad"]
[Result "1-0"]
[WhiteElo "2676"]
[BlackElo "2525"]
[Annotator "Donev,I"]
[PlyCount "141"]
[EventDate "2001.06.01"]
[EventType "swiss"]
[EventRounds "13"]
[EventCountry "YUG"]
[SourceTitle "CBM 084"]
[Source "ChessBase"]
[SourceDate "2001.09.13"]
[SourceVersion "1"]
[SourceVersionDate "2001.09.13"]
[SourceQuality "1"]

1. e4 c5 2. Nc3 Nc6 3. g3 g6 4. Bg2 Bg7 5. d3 d6 6. f4 e6 7. Nf3 Nge7 8. O-O
O-O 9. Be3 Nd4 10. e5 Nef5 11. Bf2 Bd7 12. Ne4 Bc6 13. c3 ({Hier ein bis jetzt
unbekanntes Beispiel aus meiner eigenen Praxis:} 13. exd6 b6 14. Ne5 Bb7 15. c3
Nb5 (15... Nc6 16. Nxc5 bxc5 17. Nxc6 $16) 16. Nf6+ Bxf6 17. Bxb7 Rb8 18. Ba6 (
18. Bc6 Nbxd6 19. Nd7 Rc8 20. Qa4 $18) 18... Nbxd6 19. Nc6 $18 Qc7 20. Nxb8
Rxb8 21. Bc4 Nxc4 22. dxc4 h5 23. Qf3 e5 24. fxe5 Bxe5 25. Rad1 h4 26. Kg2 hxg3
27. hxg3 Re8 28. Rfe1 Re7 29. Qa8+ Kg7 30. Rh1 Kf6 31. g4 {1-0 Donev,I-Klundt,
K/Partenen op 1998/[Donev,I] (31)}) 13... Nxf3+ 14. Bxf3 {Ich denke, dass das
Schlagen mit dem Läufer auf f3 besser als Qxf3 ist.} dxe5 15. fxe5 {[%cal
Yf2c5,Ye4c5] Das ist die kritische Eröffnungsstellung. Weiß hat harmonisch
alle seine Figuren entwickelt und droht jetzt den Bauern auf c5 zu kassieren.
Dafür wird er den Bauern e5 verlieren, aber trotzdem hat der Anziehende
leichten Vorteil im Zentrum. Mit anderen Worten: mir wäre es angenehmer diese
Stellung mit Weiß zu spielen.} Bxe4 $2 {Ein verzweifelter Versuch von dem
bekannten theoretischen Weg mit Bxe5 abzuweichen. Jetzt bekommt der Anziehende
forciert Vorteil, den der englische Großmeister meisterhaft in einen ganzen
Punkt umwandelt.} (15... Bxe5 $142 $5 16. Nxc5 (16. Bxc5 Re8 17. Qe2 $14) 16...
Qc7 17. d4 Bg7 18. g4 Nd6 $13 {...e6-e5}) (15... Rc8 16. Nxc5 (16. Bxc5 Bxe4
17. dxe4 $1 Rxc5 18. exf5 exf5 $11 (18... Qb6 $5)) 16... b6 17. Bxc6 Rxc6 18.
Ne4 Bxe5 19. Qf3 Ne7 20. d4 $14) 16. dxe4 $1 Ne7 17. Bxc5 {[%cal Yd1d8,Yc5e7]
Jetzt ist die Drohung Qxd8 nebst Bxe7 aufgetaucht.} Nc6 $6 {Schwarz opfert mit
Absicht die Qualität in der Hoffnung, einen starken Springer auf e5 zu
bekommen. Doch wie der Partieverlauf zeigt reicht das nicht, um die Stellung
auszugleichen.} (17... Re8 18. Qxd8 Raxd8 19. Bxa7 Nc6 20. Be3 Nxe5 21. Be2 $16
) (17... Qc7 $142 $5 18. Bd6 Qb6+ 19. Qd4 Rfe8 20. Qxb6 axb6 21. Bc7 $16) 18.
Bxf8 Qb6+ 19. Kh1 Bxf8 20. Qb3 $16 Qc7 21. Bg4 Re8 22. Be2 Nxe5 {Der Springer
auf e5 ist sehr stark, aber ich denke, das ist nicht genug für den
Qualitätsnachteil.} 23. Qa4 Ra8 24. Rad1 h5 25. Qd4 Be7 26. b4 Kg7 27. a3 b6
28. c4 $18 {Der Anziehende hat alle seine Figuren optimal platziert und
systematisch seinen Vorteil vergrößert. Der Rest ist reine Technik, die GM
Short natürlich sehr gut beherrscht.} a5 29. Rb1 axb4 30. axb4 Ra2 31. Rb2 Ra3
32. Rbb1 Ra2 33. Rf2 h4 34. Bf1 Ra3 35. gxh4 Bxh4 36. Rc2 Bf6 37. c5 {Der
c-Freibauer wird früher oder später die Partie entscheiden.} bxc5 38. bxc5 Nc6
39. Qd6 Ra7 40. Qxc7 Rxc7 41. Ba6 Nd4 42. Rc4 Be5 43. Rb7 Rxb7 44. Bxb7 Nb5 45.
Bc6 Nc7 46. Kg2 Kh6 47. Rc1 Bd4 48. Ba4 Kg7 49. Kf3 Kf6 50. Rc2 Be5 51. h3 Kg5
52. Ke3 Kh4 53. Rf2 f6 54. Rf3 g5 55. Bd1 Bf4+ 56. Kd3 Be5 57. Be2 Bf4 58. c6
Ne8 59. Kc4 Nd6+ 60. Kd4 Ne8 61. Kc5 Bg3 62. Bf1 g4 63. hxg4 Kxg4 64. Be2 Bd6+
65. Kb6 Kg5 66. Bc4 f5 67. exf5 exf5 68. Bf7 Nc7 69. Rd3 Be5 70. Rd7 Kf6 71.
Rxc7 1-0

[Event "Clarin GP final"]
[Site "Villa Gesell"]
[Date "1997.03.07"]
[Round "5"]
[White "Ginzburg, Maximiliano"]
[Black "Hoffman, Alejandro"]
[Result "0-1"]
[WhiteElo "2450"]
[BlackElo "2480"]
[Annotator "Donev,I"]
[PlyCount "70"]
[EventDate "1997.03.02"]
[EventType "tourn"]
[EventRounds "11"]
[EventCountry "ARG"]
[EventCategory "11"]
[SourceTitle "CBM 058"]
[Source "ChessBase"]
[SourceDate "1997.06.01"]
[SourceVersion "1"]
[SourceVersionDate "1997.06.01"]
[SourceQuality "1"]

1. e4 c5 2. Nc3 Nc6 3. g3 g6 4. Bg2 Bg7 5. d3 d6 6. f4 e6 7. Nf3 Nge7 8. O-O
O-O 9. g4 $6 {Von den zahlreichen Mustpartien des ehemalige Weltmeister Boris
Spassky mit diesr Stellung ist bekannt, daß der Bauernsturm g3-g4 gut für Weiß
ist, wenn den Nachziehende keine Möglichkeit für den Gegenschlag f7-f5 hat.} f5
$1 10. gxf5 exf5 11. Nd5 Nxd5 12. exd5 Nd4 13. c3 Nxf3+ 14. Rxf3 Bd7 15. Be3 b5
16. d4 c4 17. Bf2 Rb8 (17... Re8 $142 $15) 18. Re3 g5 $6 {Gibt es den
Anzihenden spiel am Königsflügel.Besser währe die Schwerfiguren auf den
e-Linie versuhen zu tauschen um später im Endspiel den Bauernmehrheit am
Königsflügel zu benützen.} (18... Re8 19. Rxe8+ Bxe8 20. Qd2 Bf7 $15 {nebst
Qd7, Re8, Qb7}) 19. Qh5 gxf4 $2 (19... g4 20. Rae1 Be8 21. Qh4 (21. Rxe8 Rxe8
22. Rxe8+ Qxe8 23. Qxf5 Qg6 24. Qe6+ Qxe6 25. dxe6 Bf6 $11) 21... Qxh4 22. Bxh4
Bh6 $13) 20. Rh3 h6 21. Qf3 Qg5 22. Bh4 Qg4 (22... Qg6 23. Qxf4 Qg4 24. Qxd6 f4
25. Be7 $16) 23. Be7 Rbe8 (23... Rfe8 24. Bxd6 $16) 24. Bxd6 (24. Bxf8 Kxf8 25.
Kf2 $14) 24... Re2 25. Kh1 $2 {Es war höhste Zeit die Qualität zu nehmen.} (25.
Bxf8 $142 $16) 25... Rfe8 $15 26. Rg1 R8e3 27. Qxf4 Rxh3 28. Bxh3 Qxh3 $17 29.
Be5 Rxe5 $1 30. dxe5 Qd3 $19 31. Qd4 Qf3+ 32. Rg2 f4 33. Kg1 Bh3 34. Rf2 Qg4+
35. Kh1 Bxe5 $1 0-1

[Event "RUS-Cup6"]
[Site "Krasnodar"]
[Date "1997.03.18"]
[Round "8"]
[White "Petrushin, Alexander I"]
[Black "Shariyazdanov, Andrey"]
[Result "1-0"]
[WhiteElo "2415"]
[BlackElo "2525"]
[Annotator "Donev,I"]
[PlyCount "87"]
[EventDate "1997.03.11"]
[EventType "swiss"]
[EventRounds "9"]
[EventCountry "RUS"]
[SourceTitle "EXT 2000"]
[Source "ChessBase"]
[SourceDate "1999.11.16"]
[SourceVersion "1"]
[SourceVersionDate "1999.11.16"]
[SourceQuality "1"]

1. e4 c5 2. Nc3 Nc6 3. d3 g6 4. g3 Bg7 5. Bg2 e6 6. Nh3 Nge7 7. O-O O-O 8. Be3
d6 9. Qd2 Nd4 10. Bh6 Bxh6 11. Qxh6 f6 12. Qd2 e5 13. f4 Bg4 14. Nf2 Be6 (14...
Nf3+ $2 15. Bxf3 Bxf3 16. Qe3 Bh5 17. g4 $18) (14... Bf3 15. Nfd1 {[%csl Gd5]
[%cal Yd1e3,Ye3d5]} Bxg2 16. Kxg2 exf4 (16... Qb6 17. Ne3 $14) 17. gxf4 d5 18.
Ne3 dxe4 19. dxe4 $11) 15. Nd5 Qd7 (15... Bxd5 $142 $1 16. exd5 exf4 17. gxf4
Ndf5 $15 {[%csl Gf5]}) 16. c3 Ndc6 17. Nd1 $1 {Der Königsspringer strebt das
Feld e3 an um seinen starken Bruder auf d5 zu unterstützen!} Kg7 18. N1e3 Bg8
19. Rf2 Nxd5 20. exd5 $1 (20. Nxd5 Bxd5 21. exd5 Ne7 22. Raf1 exf4 23. Rxf4
Rae8 $15 {nebst f5 und der weiße Läufer ist perspektivlos.}) 20... Ne7 21. Raf1
b5 22. h4 f5 $2 {Schwächt die große Diagonale a1-h8. Wie wir später sehen
werden, wird diese Abschwächung von Weiß Musterhaft ausgenützt!} (22... h6 $142
) 23. c4 $1 b4 24. b3 {Mit seinen letzten zwei Zügen hat der Anziehende die
Diagonale a1-h8 von den Bauern geräumt und die Felder für die weiße Dame
freigemacht. Jetzt folgt die nächste Phase: Umwandlung des weißen
positionellen Vorteiles in materiellen Vorteil.} Rae8 25. Qb2 {[%cal Rb2g7]}
Nc8 26. g4 $1 (26. fxe5 $1 {Nach diesem Zug bekommt Weiß forciert auch sehr
großen Vorteil.} dxe5 (26... Rxe5 27. Ng4 $1 $18) 27. g4 $1 Nd6 (27... f4 28.
Rxf4 $18) 28. gxf5 gxf5 {[%csl Re5,Rf5]} 29. Bh3 $16) 26... Qe7 (26... fxg4 27.
fxe5 Rxf2 28. Qxf2 Rxe5 29. Qf6+ Kh6 30. Be4 $1 $18) 27. gxf5 gxf5 28. fxe5
Qxe5 29. Qxe5+ Rxe5 30. Nxf5+ $18 {Der Anziehende hat schon entscheidenden
Vorteil nicht nur wegen dem Mehrbauer, sondern auch weil die weißen
Leichtfiguren viel besser als seine armen Kollegen (Nc8, Bg8) stehen.} Kh8 31.
Bh3 Rf6 32. Kh2 a5 33. Ng3 Rxf2+ 34. Rxf2 Ne7 35. Ne4 Ng6 36. Kg3 Kg7 37. Nxd6
Re3+ 38. Rf3 Re2 39. Nf5+ Kh8 40. Rf2 Re1 41. d4 cxd4 42. Nxd4 Rd1 43. Nc6 Rd3+
44. Rf3 1-0

[Event "Bundesliga 1978/79 West"]
[Site "Germany West"]
[Date "1979.02.11"]
[Round "5.1"]
[White "Ostermeyer, Peter"]
[Black "Huebner, Robert"]
[Result "1-0"]
[WhiteElo "2400"]
[BlackElo "2595"]
[Annotator "Eising,J"]
[PlyCount "69"]
[EventDate "1978.10.15"]
[EventType "team-tourn"]
[EventRounds "7"]
[EventCountry "GER"]
[SourceTitle "EXT 1999"]
[Source "ChessBase"]
[SourceDate "1998.11.16"]
[SourceVersion "1"]
[SourceVersionDate "1998.11.16"]
[SourceQuality "1"]

1. e4 c5 2. Nc3 Nc6 3. g3 g6 4. Bg2 Bg7 5. d3 d6 6. f4 e5 $6 7. Nh3 $1 Nge7 8.
O-O O-O $2 (8... Nd4 9. Nd5 Nxd5 10. exd5 O-O 11. Nf2 {/\a4,g4,c3 -> N-gew.}) (
8... exf4 9. gxf4 $14) 9. f5 $1 f6 10. g4 Nd4 11. Ne2 Nxe2+ 12. Qxe2 d5 13. c3
d4 (13... Bd7 14. exd5) (13... b6 14. exd5 Nxd5 15. Qe4 Bb7 16. fxg6) (13...
dxe4 14. Bxe4 (14. dxe4 {/\Qc4+} b6 15. Qc4+ Kh8 16. g5 $40)) 14. c4 $16 Rb8
15. Nf2 Rf7 16. h4 Qf8 17. Nh1 Bh6 18. g5 Bg7 19. Ng3 Kh8 (19... fxg5 $2 20.
Bxg5 gxf5 21. exf5 Nxf5 (21... Bxf5 $2 22. Bxe7) 22. Nxf5 Rxf5 23. Qh5 {/\Be4}
h6 24. Be4 hxg5 25. Bd5+) 20. h5 $1 {/\21.h6 21.hxg6 hxg6 22.fxg6 Nxg6 23.Qh5+}
gxf5 (20... fxg5 21. hxg6 hxg6 22. fxg6 (22. Bxg5 {/\fxg6} gxf5 23. Qh5+ Kg8
24. exf5 $16 Nxf5 (24... Bxf5 25. Nxf5 Rxf5 26. Be4) 25. Bd5 $1) 22... Rxf1+
23. Bxf1 Bh6 24. Qh5 Kg7 25. Bxg5) 21. g6 $1 (21. h6 $2 Bxh6 22. gxh6 f4 {
/\Qxh6}) 21... f4 (21... hxg6 22. hxg6 Nxg6 23. Qh5+) 22. gxf7 fxg3 23. h6 $1
Bxh6 24. Rxf6 Bg7 25. Bg5 b5 26. Qh5 Rb6 27. Raf1 Ng6 28. Rxb6 axb6 29. Bh3
Bxh3 30. Qxh3 bxc4 31. dxc4 h6 32. Qh5 Kh7 33. Bxh6 $1 Bxh6 34. Rf6 Qg7 (34...
Nf4 35. Rxh6+ Kg7 36. Qg5+ Kxf7 37. Rf6+) 35. Rxg6 $1 (35. Rxg6 Qxg6 36. f8=N+)
1-0

[Event "Wrexham"]
[Site "Wrexham"]
[Date "1995.??.??"]
[Round "9"]
[White "Martinovsky, Eugene Simeon"]
[Black "Engqvist, Thomas"]
[Result "0-1"]
[WhiteElo "2305"]
[BlackElo "2405"]
[Annotator "Engqvist"]
[PlyCount "144"]
[EventDate "1995.10.??"]
[EventType "tourn"]
[EventRounds "9"]
[EventCountry "WLS"]
[EventCategory "7"]
[SourceTitle "CBM 051"]
[Source "ChessBase"]
[SourceDate "1996.04.01"]
[SourceVersion "1"]
[SourceVersionDate "1996.04.01"]
[SourceQuality "1"]

1. e4 c5 2. d3 Nc6 3. g3 (3. Nd2 g6 4. g3 Bg7 5. Bg2 e6 6. Nh3 Nge7 7. O-O O-O
8. Re1 e5 $1 $13 {Suttles-Geller, Palma de Mallorca (izt) 1970 - 11/263}) 3...
g6 (3... d5 {The logical continuation since White has omitted to develop the
knight to c3.} 4. exd5 Qxd5 5. Nf3 Nd4 6. Bg2 Bh3 (6... Qe6+)) 4. Bg2 Bg7 5. f4
d6 6. Nf3 e6 7. O-O Nge7 8. Nc3 {By transposition we now have a normal closed
Sicilian.} (8. c3 $5) 8... O-O 9. Be3 Nd4 10. e5 dxe5 $1 11. Nxe5 (11. fxe5 $5
Nef5 12. Bf2 Rb8 $5 13. Ne4 b6 14. Nf6+ (14. Nxd4 cxd4 15. g4 Nh4 16. Bxh4 Qxh4
17. Nf6+ Bxf6 18. Rxf6 Bb7 $132 {Stohl}) 14... Bxf6 15. exf6 Qxf6 16. Nxd4 (16.
g4 Nd6 17. Nxd4 cxd4 {- 16.Nd4}) 16... cxd4 17. g4 Nd6 18. Bg3 Qe7 19. Be5 f6
$1 20. Bxd4 e5 21. Bc3 Bb7 $10 {Stohl} (21... Nb5 $13)) 11... Rb8 12. Ne4 b6
13. a4 $146 {White wants to safeguard an outpost for his knight at c4 if black
eventually plays ...f6. Another idea with the move is the possibility of
a5-ab6 and Ra7.} (13. c3 Ndf5 14. Bf2 Qc7 15. g4 Nd5 $5 (15... Nd6 $13) 16.
gxf5 exf5 {/\ Nf4~/= Stohl}) (13. Bf2 $5) 13... Qc7 (13... Bb7) 14. Nc4 Nd5 $5
{There is no hurry with this natural move. One disadvantage with the move is
that when white plays c3 the knight at d5 will be in the way for a rook at d8
which wants to put pressure on the weakened d3-pawn.} (14... Bb7) 15. Bf2 Bb7 (
15... Rd8 {is more logical.}) 16. Ned6 $1 Bc6 17. c3 Nf5 18. Nxf5 exf5 $1 (
18... gxf5 $13) 19. Re1 Rfe8 20. Qd2 Nf6 21. Be3 Rbd8 $15 {Blacks rooks are
beautifully posted in the centre.} 22. Ne5 Bxg2 23. Qxg2 $6 (23. Kxg2) 23...
Nd5 $17 {Unexpectedly there is no way to parry the loss of a pawn.} 24. Bf2
Bxe5 25. fxe5 Rxe5 26. Rxe5 Qxe5 27. d4 Qe2 $1 28. dxc5 Ne3 $1 (28... Qxb2 $2
29. Rd1 Qxc3 (29... Qb3 30. Qf3) 30. cxb6 axb6 31. Bxb6 (31. Rxd5 $4 Qc1+ $19))
29. Bxe3 Qxe3+ 30. Qf2 Qxc5 31. Qxc5 bxc5 32. b4 (32. Re1 $5) 32... cxb4 33.
cxb4 Rd4 $19 34. Rb1 (34. b5 Rb4 35. Kf2 Kf8 36. Ke3 Ke7 37. Kd3 Kd6 38. Kc3
Kc5 39. Re1 Rxa4 40. Re7 Ra2 41. Rxf7 Rxh2 42. Rxa7 Rh3 $19) 34... h5 35. a5 a6
36. b5 axb5 37. Rxb5 Rd1+ 38. Kg2 (38. Kf2 Rd2+ 39. Ke3 Rxh2 $19) 38... Rd2+
39. Kg1 Ra2 40. Rb8+ Kg7 41. Ra8 Kf6 42. h4 f4 43. gxf4 Kf5 44. Rb8 (44. Rf8
Kxf4 45. Rxf7+ Kg3 46. Rf6 Ra1+ 47. Rf1 Rxa5 $19) 44... Kxf4 45. Rb3 Kg4 46.
Rb7 Kxh4 47. Rxf7 Rxa5 48. Rb7 g5 49. Rb2 g4 50. Rh2+ Kg5 51. Rb2 h4 52. Rb8
Ra1+ (52... h3 $1) 53. Kf2 Ra2+ 54. Ke3 g3 (54... h3 $1) 55. Rg8+ Kf5 (55...
Kh5 $1) 56. Kf3 Rf2+ 57. Ke3 Rb2 58. Kf3 Rb3+ 59. Kg2 Rb2+ 60. Kf3 Rb6 61. Rg7
Rg6 62. Ra7 Rg8 (62... g2 $4 63. Ra5+ Kf6 64. Ra6+ Kg7 65. Rxg6+ Kxg6 66. Kxg2
$10) 63. Ra5+ Ke6 64. Ra6+ Kd5 65. Ra5+ Kc4 66. Kg2 h3+ 67. Kg1 Rb8 68. Ra1 Kc3
69. Kf1 (69. Ra3+ Rb3 70. Ra1 Kc2 $19) 69... Kc2 70. Ke2 Rb1 (70... h2 $19) 71.
Ra8 Rg1 $1 (71... h2 $6 72. Rc8+ Kb3 73. Rb8+ Kc4 74. Rxb1 g2 75. Kf2 h1=Q 76.
Rg1 $1) 72. Rc8+ Kb3 0-1

[Event "Bled op 13th"]
[Site "Bled"]
[Date "1992.??.??"]
[Round "4"]
[White "Rogulj, Branko"]
[Black "Shcherbakov, Ruslan"]
[Result "1/2-1/2"]
[WhiteElo "2435"]
[BlackElo "2495"]
[Annotator "Ernst,T"]
[PlyCount "27"]
[EventDate "1992.03.??"]
[EventType "swiss"]
[EventRounds "9"]
[EventCountry "SLO"]
[SourceTitle "CBM 029"]
[Source "ChessBase"]
[SourceDate "1992.08.01"]
[SourceVersion "1"]
[SourceVersionDate "1992.08.01"]
[SourceQuality "1"]

1. e4 c5 2. Nc3 Nc6 3. g3 g6 4. Bg2 Bg7 5. d3 d6 6. f4 e6 7. Nf3 Nge7 8. O-O
O-O 9. Be3 Nd4 10. e5 Nef5 11. Bf2 Bd7 $5 {Ein neuer Zug. Schwarz vermeidet
die Variante mit dem Bauernopfer auf b7.} (11... Nxf3+ 12. Qxf3 Bd7 $1 13. Qxb7
Rb8 14. Qxa7 Rxb2 15. Rac1 $1 dxe5 16. fxe5 Bxe5 17. Ne4 $1 Bc6 $1 $13 {
Kindermann - V.Spasov, Novi Sad (ol) 1990.}) 12. Ne4 Nxf3+ 13. Qxf3 Bc6 14. c3
{(1.10/1.03)} 1/2-1/2